003900000a2200085000450024501300000004100140013070000260014410000320017077301020020210aNueva especie de Zamia L. (Zamiaceae) de los Andes de Colombia y clave actualizada para las especies del género en Colombia0 aEspañol1 aStevenson, Dennis Wm.1 aCalderón Sáenz, Eduardo1 tRevista de Academia Colombiana de Ciencias Exactas, Físicas y Naturalesh105q485-490d2003g27